000 00478nam a22001817a 4500
003 DO-SdBNP
005 20180222104912.0
008 180222b xxu||||| |||| 00| 0 spa d
020 _a0590485237
040 _aBPMSU
_bspa
_cBPMSU
100 _aBulla, Clyde Robert
245 _aThe chalk box kid
_cClyde Robert Bulla
260 _aNew York
_bScholastic
_c1987
300 _a53 p.
_bil
_c20 cm
942 _2ddc
_cBK
945 _ainventariado, 2018 / dg
956 _adgarcia
_b10
999 _c13333
_d13333